000 00747nam a2200205 a 4500
001 000017868
005 20200929165247.0
008 100407s1991 dr 000 0 spa d
040 _aDO-SdBNP
_bspa
_cBNPHU
082 _a923.4
_bV335p
100 1 _aVásquez, Pedro R.
_924880
245 1 0 _aPelegrín Castillo Agramonte :
_bsu vida y su obra /
_cPedro R. Vásquez.
260 _aSanto Domingo :
_bTaller,
_c1991.
300 _a190 p. ;
_c24 cm.
500 _aIncluye datos biográficos del autor en la contraportada
500 _aIncluye notas al pie de las páginas
504 _aIncluye referencias bibliográficas ( p. 187-188)
600 1 4 _aCASTILLO AGRAMONTE, PELEGRÍN,
_d1874-1931
_xCORRESPONDENCIA, MEMORIAS, ETC.
_938785
049 _aBNPD
999 _c17392
_d17392